LEADER 01606nam0-22004331i-450 001 990004095480403321 005 20180330113529.0 010 $a3-484-21194-6$bv. 1 010 $a3-484-21200-4$bv. 2 010 $a3-484-20201-7$b3 035 $aFED01000409548 035 $a(Aleph)000409548FED01 035 $a000409548 100 $a19990604g19861990km-y0itay50------ba 101 0 $ager$alat$agoh 102 $aDE 105 $ay-------001yy 200 1 $aBoethius, "De consolatione Philosophiae"$fNotker der Deutsche$gherausgegeben von Petrus W. Tax 210 $aTübingen$cNiemeyer$d1986-1990 215 $a3 v.$d24 cm 225 1 $aAltdeusche Textbibliothek$v94$v100$v101 225 1 $a<>Werke Notkers des Deutschen$v1$v2$v3 327 1 $a1.: Buch 1./2.$a2.: Buch 3$a3.: Buch 4./5. 500 10$aPhilosophiae consolatio$m$916046 517 1 $aConsolatio philosophiae 610 0 $aBoezio$aPhilosophiae consolatio$aTesto e traduzione antico alto tedesca$aCodici$aEdizioni e concordanze 676 $a870.02$v22$zita 700 1$aBoethius,$bAnicius Manlius Torquatus Severinus$f<475/480-ca. 524/525>$0182801 702 1$aTax,$bPetrus W. 702 0$aNotker :$cLabeo$f 801 0$aIT$bUNINA$gRICA$2UNIMARC 901 $aBK 912 $a990004095480403321 952 $aP2B-650-BOETHIUS-419A (1)-1986$bDFM.3326$fFLFBC 952 $aP2B-650-BOETHIUS-419A (2)-1988$bDFM.3327$fFLFBC 952 $aP2B-650-BOETHIUS-419A (3)-1990$bDFM.4418$fFLFBC 959 $aFLFBC 996 $aPhilosophiae consolatio$916046 997 $aUNINA LEADER 01945nam 2200349 450 001 9910688208703321 005 20230629165413.0 035 $a(CKB)5400000000043898 035 $a(NjHacI)995400000000043898 035 $a(EXLCZ)995400000000043898 100 $a20230629d2021 uy 0 101 0 $aeng 135 $aur||||||||||| 181 $ctxt$2rdacontent 182 $cc$2rdamedia 183 $acr$2rdacarrier 200 00$aPseudomonas aeruginosa $eBiofilm Formation, Infections and Treatments /$fedited by Theerthankar Das 210 1$aLondon :$cIntechOpen,$d2021. 215 $a1 online resource (114 pages) 311 $a1-83968-649-9 330 $aEmerging antibiotic resistance of bacteria is driving us to catastrophic failure of the healthcare system. Pseudomonas aeruginosa is one such pathogen that is responsible for causing nosocomial infections, urinary tract infections, cystic fibrosis, otitis media, and infections of wounds and burns. P. aeruginosa is a critical pathogen as defined by the World Health Organization (WHO) due to its intrinsic and adaptive competence to defy antibiotics and persist as a superbug. This book covers a wide array of subjects relevant to bacterial biofilms specifically focusing on P. aeruginosa and associated infections. It provides readers with a clear and comprehensive overview of biofilm formation and associated detrimental impacts. In addition, this book also examines topics related to biosynthesis virulence factors by P. aeruginosa to facilitate biofilm formation, antibiotic resistance mechanisms, and infections. 517 $aPseudomonas aeruginosa 606 $aPseudomonas aeruginosa infections 615 0$aPseudomonas aeruginosa infections. 676 $a616.0145 702 $aDas$b Theerthankar 801 0$bNjHacI 801 1$bNjHacl 906 $aBOOK 912 $a9910688208703321 996 $aPseudomonas aeruginosa$92955174 997 $aUNINA